Normal view
MARC view
- Morecki, A Bianchi, G Kedzior, K
Entry Personal Name
001 - CONTROL NUMBER
- control field: 79589
003 - CONTROL NUMBER IDENTIFIER
- control field: NUST
005 - DATE AND TIME OF LATEST TRANSACTION
- control field: 20210628210504.0
008 - FIXED-LENGTH DATA ELEMENTS
- fixed length control field: 210628|| aca||aabn | a|a d
040 ## - CATALOGING SOURCE
- Original cataloging agency: NUST
- Transcribing agency: NUST
100 ## - HEADING--PERSONAL NAME
- Personal name: Morecki, A Bianchi, G Kedzior, K
670 ## - SOURCE DATA FOUND
- Source citation: Work cat.: (NUST): Morecki, A Bianchi, G Kedzior, K, Theory and practice of robots and manipulators proceedings of romansy 84. The fift cism iftomm symposium, 1985
